[Event "FRA-ch U16 Girls"]
[Site "Le Grand Bornand"]
[Date "2007.04.??"]
[Round "9"]
[White "Rodange, Barbara"]
[Black "Prevost, Elisabeth"]
[Result "1-0"]
[WhiteElo "1710"]
[BlackElo "1570"]
[PlyCount "61"]
[EventDate "2007.04.07"]
[EventType "swiss"]
[EventRounds "9"]
[EventCountry "FRA"]
[SourceTitle "CBM 118 Extra"]
[Source "ChessBase"]
[SourceDate "2007.07.04"]
[SourceVersion "1"]
[SourceVersionDate "2007.07.04"]
[SourceQuality "1"]

1. d4 Nf6 2. Nf3 e6 3. g3 b6 4. Bg2 Bb7 5. 0-0 Be7 6. Bf4 0-0 7. Nc3 h6 8. Nb5 Nd5 9. Nd2 c6 10. Bxd5 cxd5 11. Nc7 g5 12. Nxa8 gxf4 13. Nxb6 Qxb6 14. Nb3 fxg3 15. fxg3 Nc6 16. e3 f5 17. Qh5 Kh7 18. Rf3 Bg5 19. Raf1 Nb4 20. Nc5 Bc6 21. h4 Be7 22. g4 Rg8 23. Rg3 Qb8 24. Rg2 Bxc5 25. dxc5 d4 26. g5 Qf8 27. Rg3 dxe3 28. Rxe3 Nxc2 29. Rc3 Nd4 30. Ra3 Qxc5 31. Qxh6# 1-0

[Event "FRA-chT2 Nord (Women)"]
[Site "France"]
[Date "2005.02.??"]
[Round "2"]
[White "Dhaussy, Zelie"]
[Black "Prevost, Elisabeth"]
[Result "1-0"]
[WhiteElo "1500"]
[BlackElo "1350"]
[PlyCount "77"]
[EventDate "2005.03.01"]
[EventType "team"]
[EventRounds "3"]
[EventCountry "FRA"]
[SourceTitle "EXT 2007"]
[Source "ChessBase"]
[SourceDate "2006.11.23"]
[SourceVersion "1"]
[SourceVersionDate "2006.11.23"]
[SourceQuality "1"]

1. e4 e5 2. Nf3 Nc6 3. d4 exd4 4. Nxd4 Nge7 5. Bc4 d5 6. Nxc6 bxc6 7. exd5 cxd5 8. Bb3 Ba6 9. Qd4 c6 10. Bf4 Nf5 11. Qe5+ Ne7 12. Nc3 Qd7 13. 0-0-0 Qe6 14. Qc7 Qc8 15. Qa5 Ng6 16. Rhe1+ Be7 17. Bd6 Qd7 18. Nxd5 Qxd6 19. Nc7+ Qxc7 20. Qxc7 Bb5 21. a4 0-0 22. axb5 Bg5+ 23. Kb1 cxb5 24. Qc5 Bf6 25. Qxb5 a5 26. Bd5 Rab8 27. Bb7 a4 28. Re3 Be7 29. f4 f5 30. Bd5+ Kh8 31. Qxa4 Rfd8 32. h4 Bf6 33. Rb3 Rbc8 34. Rbd3 Rb8 35. b3 Ne7 36. Be6 Ra8 37. Rxd8+ Rxd8 38. Rxd8+ Ng8 39. Rxg8# 1-0

[Event "FRA-chT 0102 U18"]
[Site "France"]
[Date "2001.11.??"]
[Round "1.10"]
[White "Moussard, Jules"]
[Black "Prevost, Elisabeth"]
[Result "1-0"]
[WhiteElo "1440"]
[BlackElo "1009"]
[PlyCount "45"]
[EventDate "2001.10.??"]
[EventType "team"]
[EventRounds "11"]
[EventCountry "FRA"]
[SourceTitle "EXT 2003"]
[Source "ChessBase"]
[SourceDate "2002.11.25"]
[SourceVersion "1"]
[SourceVersionDate "2002.11.25"]
[SourceQuality "1"]
[WhiteTeam "Clichy"]
[BlackTeam "Paris NAO"]
[WhiteTeamCountry "FRA"]
[BlackTeamCountry "FRA"]

1. d4 d5 2. c4 e6 3. Nc3 Nc6 4. e3 Nf6 5. Bd3 Bb4 6. Nge2 0-0 7. 0-0 e5 8. dxe5 Nxe5 9. cxd5 Nxd3 10. Qxd3 Bxc3 11. Nxc3 c6 12. e4 Re8 13. Bf4 cxd5 14. exd5 g6 15. Bg5 Bf5 16. Qd4 Qd6 17. Qxf6 Qxf6 18. Bxf6 Bd3 19. Rfe1 Rxe1+ 20. Rxe1 Rc8 21. d6 Rd8 22. d7 Rxd7 23. Re8# 1-0

[Event "FRA-chT 0102 U18"]
[Site "France"]
[Date "2001.11.??"]
[Round "1.8"]
[White "Prevost, Elisabeth"]
[Black "Coriat, Adrien"]
[Result "0-1"]
[WhiteElo "1009"]
[BlackElo "1230"]
[PlyCount "78"]
[EventDate "2001.10.??"]
[EventType "team"]
[EventRounds "11"]
[EventCountry "FRA"]
[SourceTitle "EXT 2003"]
[Source "ChessBase"]
[SourceDate "2002.11.25"]
[SourceVersion "1"]
[SourceVersionDate "2002.11.25"]
[SourceQuality "1"]
[WhiteTeam "Paris NAO"]
[BlackTeam "Clichy"]
[WhiteTeamCountry "FRA"]
[BlackTeamCountry "FRA"]

1. e4 c6 2. d4 d5 3. exd5 cxd5 4. Bd3 Nc6 5. Nf3 Bg4 6. 0-0 Nxd4 7. Nbd2 e5 8. b3 e4 9. Bb2 exf3 10. Bxd4 fxg2 11. Qxg4 gxf1Q+ 12. Rxf1 Nf6 13. Re1+ Be7 14. Bb5+ Kf8 15. Bxf6 Bxf6 16. Qb4+ Be7 17. Qd4 a6 18. Bd3 Qa5 19. Rd1 Bg5 20. Nf3 Bf6 21. Ne5 Re8 22. Qa4 Qxa4 23. bxa4 Rxe5 24. Rb1 h5 25. Rxb7 Bh4 26. Rb8+ Re8 27. Rb4 Be7 28. Rb6 Bc5 29. Rxa6 f5 30. Bb5 Re5 31. Ra8+ Kf7 32. Rxh8 f4 33. Rc8 Bb4 34. Rd8 f3 35. a5 d4 36. Bc4+ Kf6 37. a6 Bc5 38. a7 d3 39. cxd3 Re1# 0-1